History Quiz

Random History or Politics Quiz

Presidents of Mexico Quiz Stats

 Plays Quiz Updated Jul 24, 2017

Support Sporcle.
Go Orange.
Score 0/22 Timer 05:00
1 Play Today
Years President % Correct
2018-PresentAndrés Manuel López Obrador
90%
2000-2006Vicente Fox Quesada
88.5%
2012-2018Enrique Peña Nieto
73.2%
2006-2012Felipe Calderón Hinojosa
70.3%
1988-1994Carlos Salinas de Gortari
56.7%
1994-2000Ernesto Zedillo Ponce de León
52.8%
1964-1970Gustavo Díaz Ordaz
51.9%
1934-1940Lázaro Cárdenas del Río
51.9%
1982-1988Miguel de la Madrid Hurtado
48.8%
1917-1920Venustiano Carranza de la Garza
47.3%
1920-1924Álvaro Obregón Salido
41.9%
Years President % Correct
1924-1928Plutarco Elías Calles
41.4%
1970-1976Luis Echeverría Álvarez
41.4%
1976-1982José López Portillo
39%
1932-1934Abelardo L. Rodríguez
35.5%
1946-1952Miguel Alemán Valdés
35.5%
1920Adolfo de la Huerta Marcor
35.3%
1958-1964Adolfo López Mateos
33.2%
1940-1946Manuel Ávila Camacho
31.5%
1952-1958Adolfo Ruiz Cortines
31.1%
1930-1932Pascual Ortiz Rubio
25.8%
1928-1930Emilio Portes Gil
25.1%

You're not logged in!

Compare scores with friends on all Sporcle quizzes.
OR
Log In
Forgot?

From the Vault

A Fifth of Television

by Hejman

There's a lot of TV potency packed into this one.
Remove Ads.
Support Sporcle.
Get the best of Sporcle when you Go Orange. This ad-free experience offers more features, more stats, and more fun while also helping to support Sporcle. Thank you for becoming a member.

Show Comments

Extras

Top Quizzes Today


Score Distribution

Your Account Isn't Verified!

In order to create a playlist on Sporcle, you need to verify the email address you used during registration. Go to your Sporcle Settings to finish the process.

Report this User

Report this user for behavior that violates our Community Guidelines.

Details: